| 000 | 00802nam a22001577a 4500 | ||
|---|---|---|---|
| 003 | OSt | ||
| 005 | 20151020113236.0 | ||
| 008 | 151020b xxu||||| |||| 00| 0 eng d | ||
| 040 | _cRUA | ||
| 082 | _aAVM TUM 2010 B092 Or.1 | ||
| 100 |
_92498 _aTUM VANNAK |
||
| 245 | _aEffect of water hyacinth on protozoa population in rumen of local yellow cattle at animal experimental station of rua, (ឥទ្ធិពលនៃការប្រើប្រាស់កំប្លោកនៅលើចំនួនប្រូតូសូអា នៅក្នុងពោះធំរបស់ពូជគោក្នុងស្រុក នៅស្ថានីយ៍ពិសោធន៍សត្វ ស.វ.ភ.ក) | ||
| 260 |
_aphnom penh _brua _c2010 |
||
| 300 |
_ax, 37p. _bill. _c29cm. |
||
| 942 |
_2ddc _cAVM |
||
| 999 |
_c2351 _d2351 |
||